[Event "2nd Irena Warakomska Memorial-A"]
[Site "Suwalki"]
[Date "2018.08.03"]
[Round "4"]
[White "Socko, Monika"]
[Black "Sowul, Bartosz"]
[Result "1/2-1/2"]
[WhiteElo "2466"]
[BlackElo "2257"]
[Annotator "ChessBase"]
[PlyCount "108"]
[EventDate "2018.08.01"]
[EventType "swiss"]
[EventCountry "POL"]
[SourceTitle "playchess.com"]
[Source "ChessBase"]
[SourceQuality "1"]
[TimeControl "40/5400+30:1800+30"]

1. d4 {[%emt 0:00:00]} Nf6 {[%emt 0:00:00]} 2. c4 {[%emt 0:00:00]} c5 {[%emt 0:00:00]} 3. d5 {[%emt 0:00:00]} b5 {[%emt 0:00:00]} 4. cxb5 {[%emt 0:00:04]} a6 {[%emt 0:00:00]} 5. e3 {[%emt 0:00:42]} g6 {[%emt 0:00:04]} 6. Nc3 {[%emt 0:00:37]} Bg7 {[%emt 0:00:09]} 7. Nf3 {[%emt 0:00:32]} O-O {[%emt 0:00:07]} 8. a4 {[%emt 0:01:59]} Bb7 {[%emt 0:01:33]} 9. bxa6 {[%emt 0:02:35]} Nxa6 {[%emt 0:01:34]} 10. Bc4 {[%emt 0:00:06]} e6 {[%emt 0:03:06]} 11. O-O {[%emt 0:10:20]} Nb4 {[%emt 0:06:24]} 12. e4 {[%emt 0:02:43]} exd5 {[%emt 0:01:38]} 13. exd5 {[%emt 0:00:05]} d6 {[%emt 0:01:00]} 14. Re1 {[%emt 0:05:02]} Ba6 {[%emt 0:08:00]} 15. Bxa6 {[%emt 0:08:12]} Rxa6 {[%emt 0:00:08]} 16. Bf4 {[%emt 0:05:06]} Qd7 {[%emt 0:08:25]} 17. Bg3 {[%emt 0:12:05]} Qf5 {[%emt 0:07:54]} 18. Nh4 {[%emt 0:04:25]} Qc8 {[%emt 0:08:13]} 19. Qd2 {[%emt 0:01:19]} c4 {[%emt 0:02:30]} 20. Nf3 {[%emt 0:06:25]} Qc5 {[%emt 0:05:50]} 21. Red1 {[%emt 0:05:46]} Rb8 {[%emt 0:08:27]} 22. Ne1 {[%emt 0:04:08]} Re8 {[%emt 0:09:41]} 23. Kf1 {[%emt 0:00:48]} Nh5 {[%emt 0:03:35]} 24. Rac1 {[%emt 0:03:31]} Qa5 {[%emt 0:16:52]} 25. Nb5 {[%emt 0:03:52]} Nxg3+ {[%emt 0:05:34]} 26. hxg3 {[%emt 0:00:09]} Rc8 {[%emt 0:00:10]} 27. b3 {[%emt 0:03:00]} Rc5 {[%emt 0:01:41]} 28. Rxc4 {[%emt 0:05:11]} Rxc4 {[%emt 0:00:23]} 29. bxc4 {[%emt 0:00:01]} Qxa4 {[%emt 0:00:08]} 30. Rb1 {[%emt 0:00:58]} Na2 {[%emt 0:00:29]} 31. Qc2 {[%emt 0:00:13]} Qa5 {[%emt 0:01:17]} 32. Nf3 {[%emt 0:01:14]} h6 {[%emt 0:00:26]} 33. Kg1 {[%emt 0:01:16]} Kh7 {[%emt 0:00:29]} 34. Qd3 {[%emt 0:02:05]} Nc3 {[%emt 0:00:33]} 35. Nxc3 {[%emt 0:01:05]} Qxc3 {[%emt 0:00:21]} 36. Qxc3 {[%emt 0:02:06]} Bxc3 {[%emt 0:00:07]} 37. Rc1 {[%emt 0:00:02]} Bb2 {[%emt 0:00:56]} 38. Rc2 {[%emt 0:01:00]} Ra1+ {[%emt 0:00:14]} 39. Kh2 {[%emt 0:00:01]} Ba3 {[%emt 0:00:10]} 40. Nd2 {[%emt 0:00:00]} h5 {[%emt 0:00:00]} 41. Ne4 {[%emt 0:02:32]} Re1 {[%emt 0:02:24]} 42. f3 {[%emt 0:05:08]} Kg7 {[%emt 0:07:28]} 43. Ra2 {[%emt 0:07:53]} Bc1 {[%emt 0:10:28]} 44. g4 {[%emt 0:05:20]} hxg4 {[%emt 0:03:49]} 45. Kg3 {[%emt 0:00:21]} gxf3 {[%emt 0:00:55]} 46. gxf3 {[%emt 0:00:12]} g5 {[%emt 0:01:00]} 47. Nxd6 {[%emt 0:05:49]} Bf4+ {[%emt 0:02:12]} 48. Kf2 {[%emt 0:00:02]} Rc1 {[%emt 0:01:41]} 49. Nf5+ {[%emt 0:04:30]} Kf6 {[%emt 0:00:51]} 50. Nh6 {[%emt 0:01:03]} Rxc4 {[%emt 0:02:58]} 51. Ra6+ {[%emt 0:00:43]} Ke5 {[%emt 0:00:42]} 52. d6 {[%emt 0:00:47]} Ke6 {[%emt 0:01:12]} 53. d7+ {[%emt 0:00:55]} Kxd7 {[%emt 0:00:06]} 54. Nxf7 {[%emt 0:00:08]} Rc2+ {[%emt 0:00:53]} 1/2-1/2

[Event "2nd Irena Warakomska Memorial-A"]
[Site "Suwalki"]
[Date "2018.08.03"]
[Round "4"]
[White "Gumularz, Szymon"]
[Black "Dmochowska, Agnieszka"]
[Result "1-0"]
[WhiteElo "2458"]
[BlackElo "2096"]
[Annotator "RC"]
[PlyCount "67"]
[EventDate "2018.08.01"]
[EventType "swiss"]
[EventCountry "POL"]
[SourceTitle "playchess.com"]
[Source "ChessBase"]
[SourceQuality "1"]
[TimeControl "40/5400+30:1800+30"]

1. d4 {[%emt 0:00:00]} Nf6 {[%emt 0:02:38]} 2. Bf4 {[%emt 0:00:00]} e6 {[%emt 0:00:44]} 3. e3 {[%emt 0:00:00]} Be7 {[%emt 0:01:22]} 4. h3 {[%emt 0:00:21]} d5 {[%emt 0:05:13]} 5. Nf3 {[%emt 0:00:13]} b6 {[%emt 0:02:13]} 6. Bd3 {[%emt 0:01:34]} Bb7 {[%emt 0:01:19]} 7. Nbd2 {[%emt 0:00:14]} Nbd7 {[%emt 0:00:51]} 8. c3 {[%emt 0:01:04]} c5 {[%emt 0:04:07]} 9. O-O {[%emt 0:00:06]} O-O {[%emt 0:00:09]} 10. a4 {[%emt 0:00:02]} a6 {[%emt 0:03:54]} 11. Qe2 {[%emt 0:00:05]} Ne4 {[%emt 0:08:57]} 12. Rfd1 {[%emt 0:00:15]} c4 {[%emt 0:17:12]} 13. Bc2 {[%emt 0:01:13]} b5 {[%emt 0:00:25]} 14. Nxe4 {[%emt 0:00:37]} dxe4 {[%emt 0:00:10]} 15. Nd2 {[%emt 0:00:01]} Nf6 {[%emt 0:00:37]} 16. Bg5 {[%emt 0:00:28]} Qd7 {[%emt 0:05:35]} 17. Bxf6 {[%emt 0:00:09]} Bxf6 {[%emt 0:01:05]} 18. Bxe4 {[%emt 0:00:04]} Rfc8 {[%emt 0:02:19]} 19. Qf3 {[%emt 0:00:24]} Rab8 {[%emt 0:01:59]} 20. axb5 {[%emt 0:00:22]} Qxb5 {[%emt 0:01:36]} 21. Rdb1 {[%emt 0:02:33]} Bxe4 {[%emt 0:01:02]} 22. Qxe4 {[%emt 0:00:20]} a5 {[%emt 0:06:15]} 23. b3 {[%emt 0:00:42]} cxb3 {[%emt 0:00:57]} 24. Nxb3 {[%emt 0:00:11]} Qc4 {[%emt 0:02:38]} 25. Nxa5 {[%emt 0:01:20]} Rxb1+ {[%emt 0:01:01]} 26. Rxb1 {[%emt 0:00:33]} Qxc3 {[%emt 0:00:08]} 27. Nb3 {[%emt 0:00:49]} Rd8 {[%emt 0:05:36]} 28. Nc5 {[%emt 0:01:09]} g6 {[%emt 0:05:28]} 29. Qf4 {[%emt 0:00:48]} Qc2 {[%emt 0:05:20]} 30. Rb7 {[%emt 0:00:55]} Qf5 {[%emt 0:01:06]} 31. Qc7 {[%emt 0:00:37]} Rf8 {[%emt 0:02:17]} 32. Nd7 {[%emt 0:00:27]} Bd8 {[%emt 0:03:33]} 33. Qc6 {[%emt 0:00:32]} Bh4 {[%emt 0:04:10]} 34. g3 {[%emt 0:00:48]} 1-0

[Event "2nd Irena Warakomska Memorial-A"]
[Site "Suwalki"]
[Date "2018.08.03"]
[Round "4"]
[White "Caspi, Israel"]
[Black "Shtembuliak, Evgeny"]
[Result "1/2-1/2"]
[WhiteElo "2454"]
[BlackElo "2518"]
[Annotator "TA"]
[PlyCount "92"]
[EventDate "2018.08.01"]
[EventType "swiss"]
[EventCountry "POL"]
[SourceTitle "playchess.com"]
[Source "ChessBase"]
[SourceQuality "1"]

{[%evp 21,92,28,32,37,31,37,35,27,24,18,41,41,40,41,36,37,37,27,27,25,36,36,40,36,36,37,37,36,37,36,45,37,39,41,45,36,55,52,50,51,54,53,58,38,46,37,47,34,38,13,22,13,15,16,33,29,31,37,33,27,31,0,0,0,0,0,0,0,0,0,0,0,0]} 1. e4 e6 2. d4 d5 3. Nd2 c5 4. Ngf3 Nc6 5. exd5 exd5 6. Bb5 Qe7+ 7. Be2 Nf6 {C09: French Tarrasch: 3...c5 4 exd5 exd5 5 Ngf3 Nc6} 8. O-O Qc7 9. dxc5 Bxc5 10. Nb3 Be7 11. Bg5 O-O {LiveBook: 13 Games} 12. c3 Be6 13. Re1 Rae8 14. Bd3 h6 15. Bh4 {[#]} Ng4 $146 {[#] Hoping for ...Bxh4.} 16. Bg3 Bd6 17. Bxd6 Qxd6 18. h3 Nf6 19. Nbd4 Bd7 20. Qc2 Nxd4 21. Nxd4 Re5 22. Nf3 Rxe1+ 23. Rxe1 Re8 24. Rxe8+ Bxe8 25. Qe2 Bd7 26. Qe3 b6 27. Qd4 Be6 28. Qa4 Qd7 29. Qf4 Qd8 30. Nd4 Ne8 31. Qe3 Qd6 32. Bf5 {[%cal Rd4e6]} Nc7 33. Bc2 Kf8 34. a3 Bd7 35. Bd3 (35. Nf3 {keeps more tension.} Ne6 36. Qd2 Nc5 37. h4 Bg4 38. Nd4) 35... Ne6 36. h4 Nxd4 37. Qxd4 Be6 38. g3 f6 39. Qa4 Qc7 40. Bg6 {[%csl Gg6][%cal Ra4e8] [#]} Bf7 41. h5 (41. Qb4+ {with more complications.} Kg8 42. Bd3 Be6 43. Qb5 Kf7 44. Kg2) 41... Bxg6 {The position is equal.} 42. hxg6 Ke7 43. Qb4+ Qd6 44. Qa4 a5 45. Qd4 Qc5 {Threatening ...Qxd4.} 46. Qd3 Kd6 {Precision: White = 74%, Black = 75%.} 1/2-1/2

[Event "2nd Irena Warakomska Memorial-A"]
[Site "Suwalki"]
[Date "2018.08.03"]
[Round "4"]
[White "Kashlinskaya, Alina"]
[Black "Sadzikowski, Daniel"]
[Result "1/2-1/2"]
[WhiteElo "2440"]
[BlackElo "2575"]
[Annotator "TA"]
[PlyCount "70"]
[EventDate "2018.08.01"]
[EventType "swiss"]
[EventCountry "POL"]
[SourceTitle "playchess.com"]
[Source "ChessBase"]
[SourceQuality "1"]

{[%evp 23,70,20,29,25,37,41,45,33,36,20,28,0,27,5,33,37,46,40,40,38,36,-21,26,25,32,34,36,7,47,37,65,55,58,50,66,31,31,32,35,16,73,10,52,43,44,44,46,24,33]} 1. d4 Nf6 2. c4 e6 3. Nc3 Bb4 4. Qc2 O-O 5. a3 Bxc3+ 6. Qxc3 d6 7. Nf3 Nbd7 8. g3 a5 9. b3 b6 10. Bg2 Bb7 11. O-O Be4 12. Bb2 h6 {LiveBook: 5 Partien. E32: Nimzoindisch (4.Dc2)} (12... Qb8 13. Rac1 Qb7 14. Rfd1 Rfc8 15. Bh3 b5 16. Nd2 bxc4 17. bxc4 Rcb8 18. Ba1 Bg6 19. Bg2 c6 20. e4 {½-½ (76) Wang,H (2717)-Tomashevsky,E (2728) Huaian 2016}) 13. Bh3 $146 ({Vorgänger:} 13. Rad1 c6 {½-½ (13) Miljkovic,M (2462)-Zajic,M (2483) Kragujevac 2016}) 13... Bh7 14. Nd2 c6 {Weiß steht etwas besser.} 15. Bg2 d5 16. b4 Re8 17. Rfe1 Qe7 18. Rad1 axb4 19. axb4 Ra4 20. Ra1 Rea8 21. e3 Qf8 22. f3 ({Lieber} 22. c5 $14) 22... Rxa1 23. Rxa1 Rxa1+ 24. Bxa1 Qa8 25. Bf1 Bg6 26. Bb2 Qb7 27. Qa3 Ne8 28. Be2 f6 29. Qa4 Nd6 30. b5 c5 31. Qa6 cxd4 (31... Qb8 $11) 32. Bxd4 ({Günstiger ist} 32. exd4 $16 {c5! ist eine echte Drohung.} dxc4 33. Qxb7 (33. Nxc4 Qb8 $16) (33. Bxc4 Kf7 $14) 33... Nxb7 34. Nxc4 (34. Bxc4 Kf7 $14)) 32... e5 33. Bb2 {Schwarz muss nun Dxb7 beachten.} Bf7 34. Qxb7 Nxb7 35. cxd5 Bxd5 {Precision: Weiß = 37%, Schwarz = 45%.} 1/2-1/2

[Event "2nd Irena Warakomska Memorial-A"]
[Site "Suwalki"]
[Date "2018.08.03"]
[Round "4"]
[White "Matviishen, Viktor"]
[Black "Fedorov, Alexei"]
[Result "1/2-1/2"]
[WhiteElo "2437"]
[BlackElo "2561"]
[Annotator "TA"]
[PlyCount "93"]
[EventDate "2018.08.01"]
[EventType "swiss"]
[EventCountry "POL"]
[SourceTitle "playchess.com"]
[Source "ChessBase"]
[SourceQuality "1"]

{[%evp 13,93,37,45,0,2,0,8,9,13,-2,3,-13,-8,-12,47,3,42,37,41,37,39,12,12,4,17,0,0,-18,35,40,41,40,35,-12,-5,-17,-23,-20,-18,-26,-24,-47,-54,-58,-54,-57,-52,-56,-55,-69,0,0,0,0,0,0,0,0,0,0,0,0,0,0,0,0,0,0,0,0,0,0,0,0,0,0,0,0,0,0,0,0]} 1. d4 Nf6 2. c4 g6 3. Nc3 Bg7 4. e4 d6 5. Bd3 O-O 6. Nge2 Nc6 7. O-O Nd7 {LiveBook: 148 Games} 8. d5 {E70: King's Indian: Miscellaneous lines with 4 e4, including 5 Nge2 and 5 Bd3 0-0 6 Nge2} (8. Be3 e5 9. d5 Nd4 10. Bb1 Nxe2+ 11. Qxe2 a5 12. Bc2 Nf6 13. f3 b6 14. a3 Nh5 15. b4 Nf4 16. Qd2 Ba6 17. Bb3 Qe7 18. Kh1 {0-1 (28) Moiseenko,A (2667)-Kokarev,D (2615) Riadh 2017}) 8... Nce5 9. f4 Nxd3 10. Qxd3 Nc5 11. Qf3 f5 $146 ({Predecessor:} 11... e6 12. Be3 Nd3 13. b3 exd5 14. cxd5 f5 {½-½ (14) Chatalbashev,B (2515)-Georgiev,K (2529) France 2003}) 12. exf5 Bxf5 13. Be3 Qd7 (13... e5 $11) 14. h3 Bd3 15. Bxc5 $1 Bxe2 $1 16. Qxe2 dxc5 17. Ne4 e6 18. Qg4 Rae8 19. Rae1 Re7 20. Kh1 exd5 (20... b6 $11 21. Nc3 exd5 22. Nxd5 Rxe1 23. Qxd7 Rxf1+ 24. Kh2 g5 25. Qe6+ (25. Nxc7 R1xf4 26. Ne6 R4f7 $15) (25. Qxc7 gxf4 26. Qxa7 f3 $17) 25... Kh8) 21. Qxd7 $14 Rxd7 22. Nxc5 Rd6 23. Ne6 Rf7 $36 {[%mdl 2048] Black has good play.} 24. Nxg7 (24. Ng5 {feels hotter.} Rff6 25. cxd5 Rxd5 26. b3 h6 27. Ne6) 24... Kxg7 25. cxd5 Rxd5 $11 {[%mdl 4096] Endgame KRR-KRR} 26. Re2 g5 27. g3 gxf4 28. Rxf4 Rxf4 29. gxf4 $15 {KR-KR} Kf6 30. Kg2 Rd3 31. b3 c5 (31... a5 $15) 32. Re5 $11 {The position is equal.} b6 33. Rh5 Rd2+ 34. Kf3 Rxa2 35. Rxh7 Ra3 {Strongly threatening ...c4.} 36. Kg4 Rxb3 {...a5 is the strong threat.} 37. Rxa7 c4 38. Rc7 b5 {[%cal Bb6b5,Bb5b4][%mdl 32]} 39. h4 c3 40. h5 b4 41. Rc6+ Ke7 42. h6 {[#] Threatening mate with h7.} Rb1 {aiming for ...Rh1.} 43. h7 Rh1 {Threatens to win with ...Kd8.} 44. Rc4 $1 Kd6 45. Rxb4 Rxh7 46. Rb1 Kd5 47. f5 {Precision: White = 56%, Black = 47%.} 1/2-1/2

[Event "2nd Irena Warakomska Memorial-A"]
[Site "Suwalki"]
[Date "2018.08.03"]
[Round "4"]
[White "Omelja, Artem"]
[Black "Markowski, Tomasz"]
[Result "0-1"]
[WhiteElo "2431"]
[BlackElo "2562"]
[Annotator "TA"]
[PlyCount "66"]
[EventDate "2018.08.01"]
[EventType "swiss"]
[EventCountry "POL"]
[SourceTitle "playchess.com"]
[Source "ChessBase"]
[SourceQuality "1"]

{[%evp 20,66,60,55,54,57,72,46,29,41,30,0,0,0,0,0,-16,-50,-35,-25,-44,-68,-75,-89,-105,-93,-84,-139,-144,-150,-164,-200,-205,-301,-270,-264,-264,-257,-258,-253,-189,-187,-178,-235,-235,-275,-175,-699,-689]} 1. d4 c5 2. d5 d6 3. e4 g6 4. Nf3 Bg7 5. Be2 Nf6 6. Nc3 O-O 7. O-O Bg4 8. Re1 Nbd7 9. h3 Bxf3 10. Bxf3 a6 11. a4 {LiveBook: 7 Games} b6 {A43: Schmid Benoni} 12. Be2 Ne8 13. Nb1 $146 ({Predecessor:} 13. Be3 Nc7 14. Qd2 Rb8 15. Bh6 Bxh6 16. Qxh6 e5 17. dxe6 fxe6 18. Rad1 Ne5 19. Qe3 {½-½ (48) Abramovic,B (2520)-Ristic,N (2395) Novi Sad 1995}) 13... Nc7 {White is slightly better.} 14. c3 b5 15. a5 f5 16. exf5 Rxf5 17. Bg4 Re5 18. Rxe5 Nxe5 19. Be2 Qf8 20. f4 Nd7 $1 21. Na3 Qf7 22. Bf3 {[#]} Nf6 $1 {[%cal Rf6d5]} 23. c4 (23. Nc2 $142) 23... bxc4 $17 24. Nxc4 Nfxd5 25. Qa4 Rf8 26. Qc6 (26. Nb6 $142) 26... Nxf4 27. Bxf4 Qxf4 ({But not} 27... Qxc4 28. Bg3 $17) 28. Qxc7 {Bd5+ is the strong threat.} Qxc4 29. Qxe7 Bd4+ 30. Kh1 Be5 {And now ...Rxf3! would win.} ({Don't play} 30... Bxb2 31. Qxd6 Rxf3 32. Qb8+ Kg7 33. Qxb2+ Qc3 34. Qc1 $17) 31. Qg5 (31. Rg1 {is a better defense.}) 31... Kg7 $19 32. Qd2 Rb8 33. Rb1 $2 {[#]} (33. Bd5 Qb4 34. Qxb4 Rxb4 35. Rb1) 33... Rxb2 $1 {[%mdl 512] Precision: White = 37%, Black = 91%.} 0-1

[Event "2nd Irena Warakomska Memorial-A"]
[Site "Suwalki"]
[Date "2018.08.03"]
[Round "4"]
[White "Tihonov, Jurij"]
[Black "Lewtak, Dominik"]
[Result "1-0"]
[WhiteElo "2385"]
[BlackElo "2177"]
[Annotator "NA"]
[PlyCount "83"]
[EventDate "2018.08.01"]
[EventType "swiss"]
[EventCountry "POL"]
[SourceTitle "playchess.com"]
[Source "ChessBase"]
[SourceQuality "1"]
[TimeControl "40/5400+30:1800+30"]

1. Nf3 {[%emt 0:00:00]} Nf6 {[%emt 0:00:00]} 2. c4 {[%emt 0:01:21]} e6 {[%emt 0:00:14]} 3. Nc3 {[%emt 0:01:11]} d5 {[%emt 0:00:14]} 4. e3 {[%emt 0:01:19]} Nbd7 {[%emt 0:01:00]} 5. b3 {[%emt 0:01:16]} c6 {[%emt 0:01:18]} 6. Bb2 {[%emt 0:00:23]} Be7 {[%emt 0:00:18]} 7. g4 {[%emt 0:17:03]} h6 {[%emt 0:02:35]} 8. Rg1 {[%emt 0:03:19]} e5 {[%emt 0:05:42]} 9. cxd5 {[%emt 0:08:13]} cxd5 {[%emt 0:01:08]} 10. h4 {[%emt 0:08:49]} e4 {[%emt 0:04:53]} 11. g5 {[%emt 0:04:32]} exf3 {[%emt 0:05:00]} 12. gxf6 {[%emt 0:01:37]} Bxf6 {[%emt 0:00:06]} 13. Qxf3 {[%emt 0:11:15]} Ne5 {[%emt 0:01:49]} 14. Bb5+ {[%emt 0:00:07]} Kf8 {[%emt 0:09:19]} 15. Qf4 {[%emt 0:02:47]} g5 {[%emt 0:04:24]} 16. hxg5 {[%emt 0:01:43]} hxg5 {[%emt 0:00:15]} 17. Ba3+ {[%emt 0:04:17]} Kg7 {[%emt 0:03:43]} 18. O-O-O {[%emt 0:04:15]} Ng6 {[%emt 0:05:15]} 19. Qf3 {[%emt 0:02:59]} Be6 {[%emt 0:00:54]} 20. Bb2 {[%emt 0:00:31]} Rc8 {[%emt 0:08:10]} 21. Kb1 {[%emt 0:01:38]} a6 {[%emt 0:12:42]} 22. Bf1 {[%emt 0:05:59]} g4 {[%emt 0:05:45]} 23. Rxg4 {[%emt 0:04:33]} Bxg4 {[%emt 0:00:38]} 24. Qxg4 {[%emt 0:00:01]} b5 {[%emt 0:02:35]} 25. Bd3 {[%emt 0:01:39]} Rh4 {[%emt 0:03:02]} 26. Qf5 {[%emt 0:01:30]} b4 {[%emt 0:01:50]} 27. Nxd5 {[%emt 0:00:42]} Bxb2 {[%emt 0:01:28]} 28. Kxb2 {[%emt 0:00:04]} Rc5 {[%emt 0:02:29]} 29. Bc4 {[%emt 0:00:36]} Rhxc4 {[%emt 0:00:14]} 30. bxc4 {[%emt 0:00:06]} Rxc4 {[%emt 0:00:06]} 31. Rg1 {[%emt 0:05:02]} Rc5 {[%emt 0:04:16]} 32. e4 {[%emt 0:02:10]} Qa5 {[%emt 0:01:05]} 33. Qf6+ {[%emt 0:02:17]} Kf8 {[%emt 0:00:07]} 34. Qd6+ {[%emt 0:01:00]} Kg7 {[%emt 0:00:28]} 35. Kb1 {[%emt 0:01:41]} b3 {[%emt 0:01:02]} 36. axb3 {[%emt 0:00:19]} Qb5 {[%emt 0:02:24]} 37. Qf6+ {[%emt 0:00:58]} Kf8 {[%emt 0:00:14]} 38. Qd6+ {[%emt 0:00:42]} Kg7 {[%emt 0:00:05]} 39. Kb2 {[%emt 0:00:43]} a5 {[%emt 0:00:46]} 40. Qf6+ {[%emt 0:00:00]} Kf8 {[%emt 0:00:00]} 41. Rxg6 {[%emt 0:00:44]} a4 {[%emt 0:02:57]} 42. Qe7# {[%emt 0:03:11]} 1-0

[Event "2nd Irena Warakomska Memorial-A"]
[Site "Suwalki"]
[Date "2018.08.03"]
[Round "4"]
[White "Lewtak, Damian"]
[Black "Czarnota, Pawel"]
[Result "1/2-1/2"]
[WhiteElo "2369"]
[BlackElo "2548"]
[Annotator "RC"]
[PlyCount "98"]
[EventDate "2018.08.01"]
[EventType "swiss"]
[EventCountry "POL"]
[SourceTitle "playchess.com"]
[Source "ChessBase"]
[SourceQuality "1"]
[TimeControl "40/5400+30:1800+30"]

1. e4 {[%emt 0:00:00]} c5 {[%emt 0:00:27]} 2. Nf3 {[%emt 0:00:00]} d6 {[%emt 0:00:32]} 3. Bb5+ {[%emt 0:00:00]} Nd7 {[%emt 0:00:25]} 4. O-O {[%emt 0:00:30]} a6 {[%emt 0:00:17]} 5. Bxd7+ {[%emt 0:00:22]} Bxd7 {[%emt 0:00:07]} 6. c3 {[%emt 0:02:32]} Nf6 {[%emt 0:01:30]} 7. Re1 {[%emt 0:00:13]} e6 {[%emt 0:01:27]} 8. d4 {[%emt 0:01:12]} cxd4 {[%emt 0:00:44]} 9. cxd4 {[%emt 0:00:11]} d5 {[%emt 0:02:58]} 10. e5 {[%emt 0:00:09]} Ne4 {[%emt 0:00:39]} 11. Nbd2 {[%emt 0:00:32]} Nxd2 {[%emt 0:00:32]} 12. Bxd2 {[%emt 0:00:23]} Be7 {[%emt 0:00:16]} 13. Qb3 {[%emt 0:00:55]} Bc6 {[%emt 0:00:56]} 14. Bb4 {[%emt 0:03:34]} Qb6 {[%emt 0:02:44]} 15. Bxe7 {[%emt 0:00:09]} Qxb3 {[%emt 0:00:05]} 16. axb3 {[%emt 0:00:04]} Kxe7 {[%emt 0:00:06]} 17. Rec1 {[%emt 0:00:18]} Rhc8 {[%emt 0:01:15]} 18. Kf1 {[%emt 0:02:22]} h6 {[%emt 0:02:16]} 19. Ke1 {[%emt 0:02:07]} Bb5 {[%emt 0:02:00]} 20. Kd2 {[%emt 0:04:46]} Kd7 {[%emt 0:02:30]} 21. Rxc8 {[%emt 0:02:03]} Rxc8 {[%emt 0:00:09]} 22. Rc1 {[%emt 0:00:10]} Rxc1 {[%emt 0:03:32]} 23. Kxc1 {[%emt 0:00:44]} Bf1 {[%emt 0:00:09]} 24. Ne1 {[%emt 0:00:42]} f5 {[%emt 0:12:02]} 25. exf6 {[%emt 0:05:16]} gxf6 {[%emt 0:00:06]} 26. f4 {[%emt 0:00:28]} e5 {[%emt 0:01:31]} 27. fxe5 {[%emt 1:04:29]} fxe5 {[%emt 0:03:57]} 28. Kd2 {[%emt 0:03:39]} exd4 {[%emt 0:00:50]} 29. g4 {[%emt 0:01:25]} Kd6 {[%emt 0:02:35]} 30. h4 {[%emt 0:02:02]} Bh3 {[%emt 0:02:39]} 31. g5 {[%emt 0:00:18]} hxg5 {[%emt 0:00:06]} 32. hxg5 {[%emt 0:00:14]} Bf5 {[%emt 0:00:16]} 33. b4 {[%emt 0:03:31]} Be4 {[%emt 0:01:54]} 34. Nd3 {[%emt 0:00:58]} b6 {[%emt 0:00:06]} 35. Ne1 {[%emt 0:00:40]} Ke5 {[%emt 0:09:01]} 36. Nc2 {[%emt 0:00:09]} Bg6 {[%emt 0:00:15]} 37. Na1 {[%emt 0:00:22]} Ke4 {[%emt 0:09:19]} 38. Nb3 {[%emt 0:00:30]} d3 {[%emt 0:00:43]} 39. Nc1 {[%emt 0:00:16]} Kd4 {[%emt 0:00:08]} 40. b3 {[%emt 0:00:00]} Be4 {[%emt 0:00:00]} 41. Na2 {[%emt 0:01:36]} Ke5 {[%emt 0:08:22]} 42. Nc1 {[%emt 0:09:37]} Kd4 {[%emt 0:02:18]} 43. Na2 {[%emt 0:00:06]} Bf5 {[%emt 0:00:09]} 44. Nc1 {[%emt 0:01:10]} a5 {[%emt 0:00:50]} 45. Na2 {[%emt 0:02:08]} Bg6 {[%emt 0:04:34]} 46. bxa5 {[%emt 0:03:23]} bxa5 {[%emt 0:00:36]} 47. b4 {[%emt 0:00:05]} a4 {[%emt 0:01:54]} 48. Nc3 {[%emt 0:00:06]} a3 {[%emt 0:01:39]} 49. Nb5+ {[%emt 0:00:07]} Ke5 1/2-1/2

[Event "2nd Irena Warakomska Memorial-A"]
[Site "Suwalki"]
[Date "2018.08.03"]
[Round "4"]
[White "Teclaf, Pawel"]
[Black "Kanarek, Marcel"]
[Result "1/2-1/2"]
[WhiteElo "2362"]
[BlackElo "2518"]
[Annotator "TA"]
[PlyCount "45"]
[EventDate "2018.08.01"]
[EventType "swiss"]
[EventCountry "POL"]
[SourceTitle "playchess.com"]
[Source "ChessBase"]
[SourceQuality "1"]

{[%evp 22,45,35,18,6,4,64,47,97,110,90,72,76,72,72,79,91,90,104,95,120,95,99,91,95,5]} 1. e4 e5 2. Nf3 Nc6 3. Bb5 g6 4. c3 a6 5. Ba4 d6 6. d4 Bd7 7. Bg5 f6 8. Be3 Nh6 9. h3 Nf7 {C76: Ruy Lopez: Deferred Steinitz: 5 c3 Bd7 6 d4 g6} 10. c4 Bg7 11. Nc3 O-O 12. O-O {LiveBook: 4 Games} f5 13. dxe5 dxe5 {[#]} (13... Nfxe5 $11 14. exf5 Nxf3+ 15. Qxf3 Rxf5) 14. Qd5 $146 {Rfd1 is the strong threat.} ({Predecessor:} 14. Re1 Re8 15. Nd5 f4 16. Bd2 g5 17. Bc3 h5 18. Nh2 g4 19. hxg4 hxg4 20. Nxg4 {0-1 (48) Anand,V (2804)-Carlsen,M (2876) Stavanger 2015}) 14... f4 15. Bc5 {White is better.} Re8 16. Rad1 Be6 17. Qxd8 Rexd8 18. Nd5 Bxd5 19. cxd5 b5 20. Bc2 Nd4 21. Bxd4 exd4 22. Bb3 Kf8 23. e5 ({White should try} 23. Rfe1 $16) 1/2-1/2

[Event "2nd Irena Warakomska Memorial-A"]
[Site "Suwalki"]
[Date "2018.08.03"]
[Round "4"]
[White "Punin, Andrii"]
[Black "Kokoszczynski, Jan"]
[Result "1/2-1/2"]
[WhiteElo "2339"]
[BlackElo "2187"]
[Annotator "NA"]
[PlyCount "61"]
[EventDate "2018.08.01"]
[EventType "swiss"]
[EventCountry "POL"]
[SourceTitle "playchess.com"]
[Source "ChessBase"]
[SourceQuality "1"]
[TimeControl "40/5400+30:1800+30"]

1. Nf3 {[%emt 0:00:00]} Nf6 {[%emt 0:00:00]} 2. c4 {[%emt 0:00:00]} c5 {[%emt 0:00:38]} 3. Nc3 {[%emt 0:00:00]} Nc6 {[%emt 0:00:04]} 4. e3 {[%emt 0:00:04]} e6 {[%emt 0:03:35]} 5. a3 {[%emt 0:00:23]} d5 {[%emt 0:01:34]} 6. d4 {[%emt 0:00:07]} cxd4 {[%emt 0:03:25]} 7. exd4 {[%emt 0:00:07]} Be7 {[%emt 0:01:31]} 8. c5 {[%emt 0:05:07]} a5 {[%emt 0:02:59]} 9. Bf4 {[%emt 0:02:49]} O-O {[%emt 0:03:53]} 10. Bb5 {[%emt 0:03:03]} Bd7 {[%emt 0:04:59]} 11. O-O {[%emt 0:04:51]} Ne4 {[%emt 0:01:34]} 12. h3 {[%emt 0:03:25]} b6 {[%emt 0:06:51]} 13. Qd3 {[%emt 0:11:08]} bxc5 {[%emt 0:11:35]} 14. Nxe4 {[%emt 0:00:33]} dxe4 {[%emt 0:00:25]} 15. Qxe4 {[%emt 0:00:08]} Nxd4 {[%emt 0:01:28]} 16. Nxd4 {[%emt 0:00:43]} cxd4 {[%emt 0:00:03]} 17. Bd3 {[%emt 0:00:20]} g6 {[%emt 0:00:42]} 18. Be5 {[%emt 0:05:47]} Bf6 {[%emt 0:04:53]} 19. Qxd4 {[%emt 0:01:09]} Bxe5 {[%emt 0:17:52]} 20. Qxe5 {[%emt 0:00:20]} Qb8 {[%emt 0:00:13]} 21. Qf6 {[%emt 0:03:09]} Bb5 {[%emt 0:02:09]} 22. Rad1 {[%emt 0:02:30]} Rd8 {[%emt 0:01:40]} 23. Bxb5 {[%emt 0:00:17]} Rxd1 {[%emt 0:00:02]} 24. Rxd1 {[%emt 0:00:11]} Qxb5 {[%emt 0:00:01]} 25. Rd8+ {[%emt 0:02:01]} Rxd8 {[%emt 0:00:33]} 26. Qxd8+ {[%emt 0:00:14]} Kg7 {[%emt 0:00:01]} 27. Qd4+ {[%emt 0:01:22]} e5 {[%emt 0:00:03]} 28. a4 {[%emt 0:09:10]} Qe2 {[%emt 0:00:18]} 29. Qc3 {[%emt 0:02:05]} Qd1+ {[%emt 0:00:16]} 30. Kh2 {[%emt 0:00:04]} Qxa4 {[%emt 0:00:18]} 31. Qxe5+ {[%emt 0:00:05]} 1/2-1/2